Tebtynis VII

Saved in:

Main Author: Nikos Litinas

Format: Book

Language: Undetermined

Published: Cairo Institut français d'archéologie orientale 2025

Series: DFIFAO 54

Subjects:

Tags: Add Tag

No Tags, Be the first to tag this record!

Call Number: On Hold

LEADER 00612nam a2200181Ia 4500
005 20260324113530.0
008 260324s9999||||xx |||||||||||||| ||und||
020 |a 9782724710915 
050 4 |a On Hold 
100 0 |a Nikos Litinas 
245 1 0 |a Tebtynis VII  |c Nikos Litinas 
264 1 |a Cairo  |b Institut français d'archéologie orientale  |c 2025 
300 |a 359 Page  |b illustrations (some color), plans (some folded  |c 31 cm 
490 0 |a DFIFAO 54 
650 4 |a Excavations (Archaeology) 
650 4 |a Greek Ostraca from Tebtynis dated to the Ptolemaic and Roman Periods  
650 4 |a Tebtunis (Extinct city) 
999 |c 61904  |d 61904